Vista normal Vista MARC

Entrada Meeting Name

Número de registros utilizados en: 1

001 - CONTROL NUMBER

  • control field: 38561

003 - CONTROL NUMBER IDENTIFIER

  • control field: OSt

005 - DATE AND TIME OF LATEST TRANSACTION

  • control field: 20210719140337.0

008 - FIXED-LENGTH DATA ELEMENTS

  • fixed length control field: 210719|| aca||aabn | a|a d

040 ## - CATALOGING SOURCE

  • Original cataloging agency: OSt
  • Transcribing agency: OSt

111 ## - HEADING--MEETING NAME

  • Meeting name or jurisdiction name as entry element: Symposium Restructuring The Financial System :$c
  • Date of meeting or treaty signing: (1987 :
  • Location of meeting: Wyoming)

670 ## - SOURCE DATA FOUND

  • Source citation: Work cat.: (OSt)11944: Symposium Restructuring The Financial System :$c (1987 : Wyoming), Restructuring the financial system /, 1987.